000 00377nam a22001337a 4500
082 _a651.3
_bFED
_cD
100 _aFPSC
_944472
245 _aFederal public service commision of pakistan annual report 2001
_cFPSC
260 _aIslamabad
_bFPSC
_c2001
300 _axix, 165 p.
_bill.
_c24 cm
526 _a0
_b0
_c0
_d651_300000000000000_FED
650 _aD
_96527
942 _2ddc
_cBK
999 _c548252
_d548252